000 00675nam a22002417a 4500
003 UA-OsUOA
001 108326
007 ta
008 20141016b un ||||| |||| 00| 0 ukr d
100 _aОлександрів-Грибинський Б.
090 _a821.161.2
_bО-53
942 _cBK
040 _aUA-OsUOA
_bukr
_cUA-OsUOA
_dUA-OsUOA
245 _a100 поезій
_bвибрана лірика (1943 - 1979)
300 _a152 с.
955 _a3
041 _aukr
080 _a821.161.2
020 _a966-7305-71-6
260 _aК.
_bЮніверс
_c2003
650 7 _a82 Література. Літературознавство
_2UDC
999 _c394129
_d394129